| 000 | 00595nam a22001937a 4500 | ||
|---|---|---|---|
| 003 | OSt | ||
| 005 | 20240624094242.0 | ||
| 008 | 240624b |||||||| |||| 00| 0 eng d | ||
| 040 | _cMUST | ||
| 082 | _a530 STE 1967 | ||
| 100 |
_aStevenson, Richard _917605 |
||
| 245 |
_aTheory of physics : _ban introduction course / _cRichard Stevenson, R.B. Moore |
||
| 260 |
_aPhiladelphia _bW.B. Saunders Company _c1967. |
||
| 300 |
_axvi, 795p.: _bill. : _c27 cm. |
||
| 504 | _aIncludes bibliographical references and index | ||
| 650 |
_aPhysics _9809 |
||
| 700 |
_aMoore, R. B. _917606 |
||
| 942 |
_2ddc _cO_SHELF |
||
| 999 |
_c8709 _d8709 |
||